غو تهولد افرائيم ليسنغ(1729_ 1781) وحكاية الخواتم الثلاثة : ملحوظات دول الشرق العربى والاسلامى على مؤلفات الشاعر الناقد الالمانى / (Record no. 46172)
[ view plain ]
| 000 -الفاتح | |
|---|---|
| حقل البيانات ثابتة الطول | 00768nam a2200193Ia 4500 |
| 008 - عناصر البيانات ثابتة الطول - معلومات عامة | |
| حقل البيانات ثابتة الطول | 140319s9999 xx 000 0 ara d |
| 040 ## - مصدر الفهرسة | |
| وكالة الفهرسة الأصلية | GCL / |
| وكالة النسخ | GCL |
| 082 04 - رقم تصنيف ديوى العشرى | |
| رقم التصنيف | 830.009 |
| رقم المادة | ب غ |
| 100 1# - المدخل الرئيسى - إسم شخصى | |
| الإسم الشخصى | افرائيم، جوتهولد |
| 245 10 - بيان العنوان | |
| العنوان | غو تهولد افرائيم ليسنغ(1729_ 1781) وحكاية الخواتم الثلاثة : ملحوظات دول الشرق العربى والاسلامى على مؤلفات الشاعر الناقد الالمانى / |
| بيان المسئوليه,etc | افرائيم، جوتهولد |
| 700 1# - المدخل الاضافى - اسم شخصى | |
| الإسم الشخصى | باخمان، بيتر |
| 300 ## - الوصف المادى | |
| التعداد | 63 |
| 490 ## - بيان السلسلة | |
| عنوان السلسلة | 100 قصة |
| رقم المجلد/ التعيين التسلسلي | 0 |
| 650 04 - المدخل الاضافى بالموضوع-مصطلح موضوعى | |
| مصطلح موضوعي | الادباء |
| 650 04 - المدخل الاضافى بالموضوع-مصطلح موضوعى | |
| مصطلح موضوعي | الادب الالمانى - تاريخ ونقد |
| 650 04 - المدخل الاضافى بالموضوع-مصطلح موضوعى | |
| مصطلح موضوعي | افرائيم، غوتهولد |
| 942 ## - عناصر المدخل الإضافي( كوها) | |
| مصدر التصنيف او مخطط الترفيف | Dewey Decimal Classification |
| Koha [default] item type | كتاب |
| حالة التراجع | حالة الفقد | حالة تلف | ليس للاعارة | المكان المؤقت | الموقع الحالى | تاريخ الاكتساب | اجمالي اﻻعارات | رقم الطلب | الباركود | تاريخ اخر مشاهدة | تاريخ تفعيل السعر | نوع وعاء كوها |
|---|---|---|---|---|---|---|---|---|---|---|---|---|
| مكتبة القاهرة الكبرى | مكتبة القاهرة الكبرى | 03/26/2014 | 830.009\ب غ | 112395 | 03/26/2014 | 03/26/2014 | كتاب |

